Lecciones de cosas : Libro segundo

Gespeichert in:
Bibliographische Detailangaben
1. Verfasser: Nualart, C. B.
Format: Buch
Sprache:Spanisch
Erschienen: Barcelona : Seix Barral, 1941
Ausgabe:6ª ed.
Katalog:MANES:  Suchergebnis im Bibliothekskatalog
Schulbuchspezifische Eigenschaften:
Schlagworte:
Tags: Tag hinzufügen
Keine Tags, Fügen Sie den ersten Tag hinzu!
Hinzugefügt zu:09.02.2019
Geändert in:07.05.2025

MARC

LEADER 00000cam a2200000 i 4500
003 OSt
005 20250507134358.0
008 190210s1941 espa f 000 0 spa d
040 |a uned  |b spa  |c entro-manes 
100 1 |a Nualart, C. B.  |9 37080 
245 1 0 |a Lecciones de cosas :   |b Libro segundo  
250 |a 6ª ed. 
260 |a Barcelona :   |b Seix Barral,   |c 1941 
300 |a 220 p. :   |b il.  |c 15x18 cm 
500 |a Edición ilustrada con grabados en blanco y negro 
546 |a España 
561 |5 es-BUNED  |3 L.T. 3610  |a España. Fondo Manes UNED  |k MANES 
650 0 |a Lecciones de Cosas  |9 35224 
691 0 |a PRI 
942 |2 ddc  |c BK 
999 |c 93059  |d 93059 
999 |c manes:93059  |d 93059